| 000 | 00537nam a22001697a 4500 | ||
|---|---|---|---|
| 003 | MACL | ||
| 005 | 20160719152725.0 | ||
| 008 | 160719b xxu||||| |||| 00| 0 eng d | ||
| 040 | _cMACL | ||
| 041 | _aHindi | ||
| 082 | _a800 MAH | ||
| 100 |
_aवर्मा, महादेवी _953467 |
||
| 245 |
_aसात भूमिकाऍ _cमहादेवी वर्मा |
||
| 260 |
_aनई दिल्ली _bराजकमल प्रकाशन _c2013 |
||
| 650 |
_aरचनावली _9163 |
||
| 942 |
_2ddc _cHIN |
||
| 999 |
_c54484 _d54484 |
||